000 00286nam a22001337a 4500
008 221110b ||||| |||| 00| 0 eng d
041 _aeng
080 _a7
082 _a7
100 _a21.2
101 _aART
245 _aPHILOSOPHY LOOKS AT THE ARTS
_cMARGOLIS J
942 _2udc
_cBK
999 _c58852
_d58852